000 00616nam a2200229Ia 4500
003 OSt
005 20221007111535.0
006 a|||||r|||| 00| 0
007 ta
008 221006b |||||||| |||| 00| 0 eng d
024 _a23,779
037 _cTextual
040 _aLCO
_cLCO
_beng
041 _2eng
_aeng
082 _aZ2,181, L8
100 _aMittal B.B.L
_9259542
245 0 _aRestrictive Trade Practices in India
260 _aNew
_bDelhi Department of Company Affairs India
_c1978
650 _aCOMPANY LAW
942 _hZ2,181, L8
_cTEXL
999 _c1193342
_d1193342